[Event "Agartala Tripura Dutta Memorial 2nd"]
[Site "Agartala Tripura"]
[Date "2022.08.17"]
[Round "9"]
[White "Rios, Cristhian Camilo"]
[Black "Samyak, Dharewa"]
[Result "1-0"]
[WhiteElo "2431"]
[BlackElo "1624"]
[PlyCount "62"]
[EventDate "2022.08.13"]
[EventType "swiss"]
[EventRounds "10"]
[EventCountry "IND"]
[SourceTitle "EXT 2023"]
[Source "ChessBase"]
[SourceDate "2022.10.05"]
[SourceVersion "1"]
[SourceVersionDate "2022.10.05"]
[SourceQuality "1"]

1. d4 Nf6 2. c4 e6 3. Nc3 Bb4 4. Qc2 0-0 5. a3 Bxc3+ 6. Qxc3 b5 7. cxb5 c6 8. Bg5 cxb5 9. e3 Bb7 10. Nf3 a6 11. Bd3 h6 12. Bh4 Nc6 13. 0-0 Rc8 14. Qd2 d6 15. e4 e5 16. d5 Nb8 17. a4 bxa4 18. Rxa4 Nbd7 19. b4 Qc7 20. Rfa1 Rfe8 21. Bxf6 Nxf6 22. Nh4 Qc3 23. Qe3 Qb3 24. Nf5 Rc3 25. R4a3 Qxb4 26. Rxc3 Qxc3 27. Rb1 Qc7 28. Qa7 Qc3 29. Bf1 Bxd5 30. exd5 Qc2 31. Nxd6 Qxb1 1-0